Welcome to the Holygrace Academy Library

Please use search bar below to get started

THE ADVENTURES OF DON QUIZOLE (Record no. 7259)

MARC details
000 -LEADER
fixed length control field 00263nam a22001217a 4500
082 ## - DEWEY DECIMAL CLASSIFICATION NUMBER
Classification number 823
Item number CER/A
100 ## - MAIN ENTRY--AUTHOR NAME
Personal name CERVANTES
245 ## - TITLE STATEMENT
Title THE ADVENTURES OF DON QUIZOLE
260 ## - PUBLICATION, DISTRIBUTION, ETC. (IMPRINT)
Place of publication DELHI
Name of publisher S CHAND & CO
300 ## - PHYSICAL DESCRIPTION
Number of Pages 80
650 ## - SUBJECT ADDED ENTRY--TOPICAL TERM
Topical Term ENGLISH STORY
Geographic subdivision INDIA
942 ## - ADDED ENTRY ELEMENTS (KOHA)
Koha item type Books
Holdings
Withdrawn status Lost status Collection code Home library Current library Shelving location Date acquired Source of acquisition Cost, normal purchase price Full call number Accession Number Koha item type
Withdrawn Damaged Item Fiction Main Library Main Library   07/03/2002 purchase 30.00 823 CER/A 00143 Books